[Event "ODJM A 2019"]
[Site "Willingen GER"]
[Date "2019.06.15"]
[Round "9"]
[White "Tscheuschner, Georg"]
[Black "Weber, Jannis"]
[Result "1-0"]
[Termination "normal"]
[Board "10"]
[WhiteElo "2113"]
[BlackElo "1889"]
[WhiteClock "00:33:22"]
[BlackClock "00:29:21"]
[PlyCount "91"]
[WhiteFideId "12935549"]
[BlackFideId "12990760"]
[EventCountry "GER"]
[EventRounds "9"]
[EventType "swiss"]
[EventDate "2019.06.08"]

1. c4 {[%clk 1:30:58]} 1... Nf6 {[%clk 1:30:50]} 2. Nc3 {[%clk 1:31:21]} 2...
d5 {[%clk 1:30:44]} 3. cxd5 {[%clk 1:31:48]} 3... Nxd5 {[%clk 1:31:08]} 4. g3 {
[%clk 1:31:34]} 4... g6 {[%clk 1:31:01]} 5. Bg2 {[%clk 1:31:54]} 5... Nxc3 {
[%clk 1:28:14]} 6. bxc3 {[%clk 1:32:23]} 6... Bg7 {[%clk 1:28:18]} 7. h4 {
[%clk 1:31:58]} 7... h6 {[%clk 1:25:58]} 8. Rb1 {[%clk 1:30:38]} 8... c6 {
[%clk 1:21:25]} 9. Qc2 {[%clk 1:28:41]} 9... Nd7 {[%clk 1:13:20]} 10. d3 {
[%clk 1:20:36]} 10... Qc7 {[%clk 1:10:26]} 11. Nf3 {[%clk 1:18:25]} 11... b6 {
[%clk 1:07:03]} 12. h5 {[%clk 0:59:48]} 12... g5 {[%clk 1:06:17]} 13. Nd4 {
[%clk 0:59:55]} 13... Bb7 {[%clk 1:00:02]} 14. Nf5 {[%clk 0:58:14]} 14... Bf6 {
[%clk 1:00:12]} 15. c4 {[%clk 0:53:19]} 15... e6 {[%clk 0:54:37]} 16. Ne3 {
[%clk 0:53:32]} 16... c5 {[%clk 0:37:48]} 17. Bxb7 {[%clk 0:52:57]} 17... Qxb7
{[%clk 0:35:58]} 18. O-O {[%clk 0:51:44]} 18... Bd4 {[%clk 0:33:04]} 19. Bb2 {
[%clk 0:50:42]} 19... f5 {[%clk 0:32:00]} 20. Bxd4 {[%clk 0:38:06]} 20... cxd4
{[%clk 0:32:22]} 21. Qb2 {[%clk 0:38:26]} 21... O-O-O {[%clk 0:27:56]} 22. Qxd4
{[%clk 0:38:53]} 22... Nc5 {[%clk 0:27:04]} 23. Qe5 {[%clk 0:38:53]} 23... Qc7
{[%clk 0:26:43]} 24. Qxc7+ {[%clk 0:38:22]} 24... Kxc7 {[%clk 0:27:07]} 25. f3
{[%clk 0:34:53]} 25... Nd7 {[%clk 0:19:37]} 26. g4 {[%clk 0:33:48]} 26... f4 {
[%clk 0:18:54]} 27. Nd1 {[%clk 0:32:44]} 27... Nc5 {[%clk 0:16:17]} 28. Nc3 {
[%clk 0:33:08]} 28... Rh7 {[%clk 0:16:04]} 29. Rfd1 {[%clk 0:22:39]} 29... Rhd7
{[%clk 0:15:16]} 30. Kf2 {[%clk 0:16:07]} 30... Kc6 {[%clk 0:15:07]} 31. Rd2 {
[%clk 0:15:59]} 31... Rd4 {[%clk 0:08:41]} 32. Rdb2 {[%clk 0:14:38]} 32... R4d7
{[%clk 0:08:22]} 33. a4 {[%clk 0:13:58]} 33... Rb7 {[%clk 0:08:05]} 34. Ke1 {
[%clk 0:07:17]} 34... Rd6 {[%clk 0:05:50]} 35. Kd2 {[%clk 0:07:01]} 35... Rd8 {
[%clk 0:06:12]} 36. Kc2 {[%clk 0:07:22]} 36... Rd6 {[%clk 0:05:35]} 37. a5 {
[%clk 0:06:37]} 37... bxa5 {[%clk 0:04:43]} 38. Rxb7 {[%clk 0:07:00]} 38...
Nxb7 {[%clk 0:05:03]} 39. Nb5 {[%clk 0:07:23]} 39... Rd8 {[%clk 0:04:15]} 40.
Nxa7+ {[%clk 0:07:42]} 40... Kc7 {[%clk 0:02:15]} 41. Nb5+ {[%clk 0:05:32]}
41... Kc6 {[%clk 0:00:46]} 42. Na7+ {[%clk 0:05:32]} 42... Kc7 {[%clk 0:30:14]}
43. Nb5+ {[%clk 0:36:30]} 43... Kc6 {[%clk 0:30:17]} 44. Kc3 {[%clk 0:36:53]}
44... e5 {[%clk 0:28:58]} 45. d4 {[%clk 0:33:01]} 45... exd4+ {[%clk 0:29:21]}
46. Nxd4+ {[%clk 0:33:22]} 1-0

[Event "ODJM A 2019"]
[Site "Willingen GER"]
[Date "2019.06.15"]
[Round "9"]
[White "Bajorski, Marius"]
[Black "Bargsten, Justus"]
[Result "1-0"]
[Termination "normal"]
[Board "14"]
[WhiteElo "1967"]
[BlackElo "1980"]
[WhiteClock "00:10:32"]
[BlackClock "00:27:41"]
[PlyCount "87"]
[WhiteFideId "12938831"]
[BlackFideId "12974188"]
[EventCountry "GER"]
[EventRounds "9"]
[EventType "swiss"]
[EventDate "2019.06.08"]

1. e4 {[%clk 1:30:58]} 1... c5 {[%clk 1:30:57]} 2. Nf3 {[%clk 1:31:24]} 2... d6
{[%clk 1:31:22]} 3. Bb5+ {[%clk 1:31:49]} 3... Nd7 {[%clk 1:31:48]} 4. O-O {
[%clk 1:31:58]} 4... a6 {[%clk 1:32:14]} 5. Bd3 {[%clk 1:32:24]} 5... Ngf6 {
[%clk 1:32:39]} 6. Re1 {[%clk 1:32:39]} 6... e5 {[%clk 1:33:00]} 7. c3 { [%clk
1:29:14]} 7... b5 {[%clk 1:31:49]} 8. Bc2 {[%clk 1:26:19]} 8... g6 { [%clk
1:29:46]} 9. d4 {[%clk 1:25:44]} 9... Qc7 {[%clk 1:30:10]} 10. Nbd2 { [%clk
1:24:41]} 10... Bg7 {[%clk 1:30:29]} 11. Nf1 {[%clk 1:20:20]} 11... O-O { [%clk
1:30:50]} 12. h3 {[%clk 1:20:04]} 12... Re8 {[%clk 1:31:14]} 13. d5 { [%clk
1:19:23]} 13... c4 {[%clk 1:29:35]} 14. a4 {[%clk 1:16:23]} 14... Rb8 { [%clk
1:29:20]} 15. Ng3 {[%clk 1:11:13]} 15... Nc5 {[%clk 1:28:37]} 16. Nh2 { [%clk
1:09:50]} 16... h5 {[%clk 1:25:00]} 17. Bg5 {[%clk 1:04:51]} 17... Nxa4 { [%clk
1:04:44]} 18. Bxa4 {[%clk 1:01:41]} 18... bxa4 {[%clk 1:02:13]} 19. Bxf6 {[%clk
1:00:16]} 19... Bxf6 {[%clk 1:02:30]} 20. Qxa4 {[%clk 1:00:31]} 20... Bd7
{[%clk 1:02:35]} 21. Qc2 {[%clk 1:00:26]} 21... a5 {[%clk 1:02:39]} 22. Ngf1
{[%clk 0:59:10]} 22... Qb6 {[%clk 0:51:24]} 23. Ne3 {[%clk 0:55:14]} 23... Rec8
{[%clk 0:50:09]} 24. Rab1 {[%clk 0:53:26]} 24... Bg5 {[%clk 0:45:19]} 25. Nhf1
{[%clk 0:41:28]} 25... a4 {[%clk 0:43:51]} 26. Nd2 {[%clk 0:31:46]} 26... Bxe3
{[%clk 0:42:42]} 27. Rxe3 {[%clk 0:32:10]} 27... a3 {[%clk 0:43:03]} 28. bxa3
{[%clk 0:31:41]} 28... Qc5 {[%clk 0:43:08]} 29. Rb4 {[%clk 0:29:53]} 29... f5
{[%clk 0:41:46]} 30. Re1 {[%clk 0:27:00]} 30... Kf8 {[%clk 0:35:35]} 31. Rd1
{[%clk 0:22:42]} 31... Qa7 {[%clk 0:35:24]} 32. Qb2 {[%clk 0:19:59]} 32... Ke7
{[%clk 0:34:41]} 33. Rb1 {[%clk 0:18:32]} 33... Ra8 {[%clk 0:33:20]} 34. Rb7 {
[%clk 0:17:32]} 34... Qxa3 {[%clk 0:33:24]} 35. Qb5 {[%clk 0:17:09]} 35... Rd8
{[%clk 0:33:34]} 36. Nxc4 {[%clk 0:16:41]} 36... Qa4 {[%clk 0:32:08]} 37. Qc6 {
[%clk 0:12:41]} 37... Ra6 {[%clk 0:27:37]} 38. Nb6 {[%clk 0:12:48]} 38... Rxb6
{[%clk 0:27:29]} 39. R1xb6 {[%clk 0:12:49]} 39... Qa3 {[%clk 0:27:12]} 40. g3 {
[%clk 0:11:11]} 40... fxe4 {[%clk 0:27:36]} 41. Ra6 {[%clk 0:10:55]} 41... Qc1+
{[%clk 0:27:17]} 42. Kg2 {[%clk 0:09:54]} 42... Ke8 {[%clk 0:27:42]} 43. Rxd7 {
[%clk 0:10:11]} 43... Rxd7 {[%clk 0:27:41]} 44. Ra7 {[%clk 0:10:32]} 1-0

[Event "ODJM A 2019"]
[Site "Willingen GER"]
[Date "2019.06.15"]
[Round "9"]
[White "Beesk, Kevin"]
[Black "Kamp, Adrian"]
[Result "1-0"]
[Termination "normal"]
[Board "16"]
[WhiteElo "1935"]
[BlackElo "1865"]
[WhiteClock "00:12:48"]
[BlackClock "00:06:51"]
[PlyCount "61"]
[WhiteFideId "1271882"]
[BlackFideId "16222466"]
[EventCountry "GER"]
[EventRounds "9"]
[EventType "swiss"]
[EventDate "2019.06.08"]

1. d4 {[%clk 1:30:59]} 1... Nf6 {[%clk 1:30:48]} 2. Bf4 {[%clk 1:31:24]} 2...
g6 {[%clk 1:30:42]} 3. Nc3 {[%clk 1:31:47]} 3... d5 {[%clk 1:30:49]} 4. e3 {
[%clk 1:32:11]} 4... Bg7 {[%clk 1:30:38]} 5. h4 {[%clk 1:32:34]} 5... h5 {
[%clk 1:27:25]} 6. Nb5 {[%clk 1:32:32]} 6... Na6 {[%clk 1:26:53]} 7. Nf3 {
[%clk 1:32:22]} 7... O-O {[%clk 1:20:41]} 8. Ne5 {[%clk 1:29:25]} 8... c5 {
[%clk 1:16:07]} 9. c3 {[%clk 1:28:46]} 9... Nd7 {[%clk 1:13:08]} 10. Be2 {
[%clk 1:23:41]} 10... Nxe5 {[%clk 1:06:38]} 11. dxe5 {[%clk 1:23:54]} 11... Be6
{[%clk 0:58:56]} 12. g4 {[%clk 1:19:56]} 12... hxg4 {[%clk 0:55:54]} 13. h5 {
[%clk 1:18:36]} 13... gxh5 {[%clk 0:49:37]} 14. Rxh5 {[%clk 1:18:41]} 14... Qd7
{[%clk 0:47:54]} 15. Qc2 {[%clk 0:35:08]} 15... f5 {[%clk 0:46:11]} 16. exf6 {
[%clk 0:34:45]} 16... Rxf6 {[%clk 0:45:32]} 17. O-O-O {[%clk 0:22:29]} 17...
Kf7 {[%clk 0:34:49]} 18. Rdh1 {[%clk 0:21:11]} 18... Rd8 {[%clk 0:22:24]} 19.
a4 {[%clk 0:21:08]} 19... Bf5 {[%clk 0:17:04]} 20. Bd3 {[%clk 0:20:12]} 20...
Bxd3 {[%clk 0:16:43]} 21. Qxd3 {[%clk 0:20:33]} 21... c4 {[%clk 0:16:55]} 22.
Qd4 {[%clk 0:17:27]} 22... b6 {[%clk 0:14:53]} 23. Be5 {[%clk 0:17:17]} 23...
Nc5 {[%clk 0:14:58]} 24. Kb1 {[%clk 0:15:32]} 24... Nxa4 {[%clk 0:11:35]} 25.
Na3 {[%clk 0:16:00]} 25... Rxf2 {[%clk 0:06:48]} 26. Bxg7 {[%clk 0:15:55]}
26... Rxb2+ {[%clk 0:07:05]} 27. Kc1 {[%clk 0:12:41]} 27... Qd6 {[%clk 0:06:08]
} 28. Rf1+ {[%clk 0:12:04]} 28... Ke8 {[%clk 0:06:04]} 29. Rf8+ {[%clk 0:12:16]
} 29... Kd7 {[%clk 0:06:28]} 30. Rxd8+ {[%clk 0:12:40]} 30... Kxd8 { [%clk
0:06:51]} 31. Rxd5 {[%clk 0:12:48]} 1-0

[Event "ODJM A 2019"]
[Site "Willingen GER"]
[Date "2019.06.15"]
[Round "9"]
[White "Kotyk, Michael"]
[Black "Behringer, Tom"]
[Result "0-1"]
[Termination "normal"]
[Board "17"]
[WhiteElo "1966"]
[BlackElo "1766"]
[PlyCount "120"]
[WhiteFideId "16214501"]
[BlackFideId "16203496"]
[EventCountry "GER"]
[EventRounds "9"]
[EventType "swiss"]
[EventDate "2019.06.08"]

1. e4 e5 2. Nc3 Nc6 3. g3 Bc5 4. Bg2 Nf6 5. d3 d6 6. Nge2 Bg4 7. h3 Be6 8. Na4
Bb6 9. Nxb6 axb6 10. f4 g6 11. O-O Qd7 12. f5 gxf5 13. exf5 Bd5 14. Bg5 Bxg2
15. Bxf6 Bxf1 16. Bxh8 Bxe2 17. Qxe2 Qxf5 18. g4 Nd4 19. Qf2 Qxf2+ 20. Kxf2
Nxc2 21. Rc1 Nb4 22. Rxc7 Nxd3+ 23. Kg3 Nxb2 24. Bf6 Nd3 25. Re7+ Kf8 26. Rxb7
Nc5 27. Be7+ Kg7 28. Rxb6 Ne4+ 29. Kh4 Re8 30. Bxd6 Re6 31. Bxe5+ Rxe5 32. Rb2
Re6 33. g5 Re5 34. Rg2 Kg6 35. a4 Nxg5 36. Ra2 Ra5 37. Kg4 h5+ 38. Kh4 f5 39.
Kg3 Kf6 40. Kh4 Nf3+ 41. Kg3 Ne5 42. h4 Ng6 43. Kh3 f4 44. Rg2 Rxa4 45. Rg5
Ra3+ 46. Kh2 Nxh4 47. Rxh5 Nf3+ 48. Kh3 Ne5+ 49. Kg2 Ng4 50. Rh8 Rg3+ 51. Kh1
Kf5 52. Rf8+ Nf6 53. Kh2 Ke5 54. Ra8 Nd5 55. Re8+ Kd4 56. Re6 Rg8 57. Re2 Nc3
58. Rc2 f3 59. Rd2+ Ke3 60. Rc2 Ne2 0-1

[Event "ODJM A 2019"]
[Site "Willingen GER"]
[Date "2019.06.15"]
[Round "9"]
[White "Reinecke, Katharina"]
[Black "Kracht, Raphael"]
[Result "0-1"]
[Termination "normal"]
[Board "18"]
[WhiteElo "1846"]
[BlackElo "1976"]
[PlyCount "104"]
[WhiteFideId "12929727"]
[BlackFideId "16214382"]
[EventCountry "GER"]
[EventRounds "9"]
[EventType "swiss"]
[EventDate "2019.06.08"]

1. d4 Nf6 2. Nf3 e6 3. g3 c5 4. Bg2 d5 5. c4 dxc4 6. O-O Nc6 7. Qa4 Bd7 8. Qxc4
b5 9. Qd3 c4 10. Qd1 Be7 11. Bf4 O-O 12. Nbd2 Nd5 13. Ne4 Nxf4 14. gxf4 Nb4 15.
Ne5 Nd5 16. Nxd7 Qxd7 17. e3 Rab8 18. Qe2 Rfc8 19. Rfc1 Nb6 20. Qh5 Rc7 21. Ng5
Bxg5 22. Qxg5 b4 23. h4 Na4 24. b3 Nc3 25. Kh2 Rb5 26. Qg4 Ra5 27. Bf1 h5 28.
Qf3 Qd5 29. Kg2 cxb3 30. axb3 Ra3 31. Bc4 Qxf3+ 32. Kxf3 Rxa1 33. Rxa1 Rxc4 34.
bxc4 b3 35. Rxa7 b2 36. Ra8+ Kh7 37. Rb8 b1=Q 38. Rxb1 Nxb1 39. c5 Nc3 40. e4
Kg8 41. Ke3 Kf8 42. Kd3 Nb5 43. Kc4 Nc7 44. d5 exd5+ 45. exd5 Ke8 46. c6 Ke7
47. Kc5 Ne8 48. f5 f6 49. f3 Nd6 50. Kb6 Nxf5 51. Kb7 Nd6+ 52. Kb8 g5 0-1

[Event "ODJM A 2019"]
[Site "Willingen GER"]
[Date "2019.06.15"]
[Round "9"]
[White "Bosselmann, Tom Linus"]
[Black "Jenner, Meikel"]
[Result "1-0"]
[Termination "normal"]
[Board "19"]
[WhiteElo "1963"]
[BlackElo "1797"]
[PlyCount "47"]
[WhiteFideId "12983845"]
[BlackFideId "16245342"]
[EventCountry "GER"]
[EventRounds "9"]
[EventType "swiss"]
[EventDate "2019.06.08"]

1. e4 c5 2. d3 Nc6 3. f4 g6 4. Nf3 Bg7 5. Be2 e6 6. O-O Nge7 7. c3 d5 8. Be3 b6
9. Bf2 O-O 10. Na3 Bb7 11. e5 f6 12. d4 cxd4 13. cxd4 a6 14. Nc2 Rc8 15. Bd3
Bh6 16. g3 fxe5 17. fxe5 Qd7 18. g4 Rf4 19. h3 Rf7 20. Bh4 b5 21. Qe2 Na7 22.
Ne3 Nac6 23. g5 Rxf3 24. Qxf3 1-0

[Event "ODJM A 2019"]
[Site "Willingen GER"]
[Date "2019.06.15"]
[Round "9"]
[White "Wübker, Paul-Luca"]
[Black "Fistoul, Boris"]
[Result "1/2-1/2"]
[Termination "normal"]
[Board "20"]
[WhiteElo "2035"]
[BlackElo "1918"]
[PlyCount "128"]
[WhiteFideId "12939528"]
[BlackFideId "12953962"]
[EventCountry "GER"]
[EventRounds "9"]
[EventType "swiss"]
[EventDate "2019.06.08"]

1. d4 f5 2. g3 Nf6 3. Bg2 g6 4. Nf3 Bg7 5. O-O O-O 6. b3 d6 7. Bb2 Qe8 8. Nbd2
Nc6 9. Re1 e5 10. e4 f4 11. gxf4 Nh5 12. fxe5 dxe5 13. d5 Nd8 14. Nc4 Nf7 15.
Bc1 b5 16. Na5 Bh6 17. Bxh6 Nxh6 18. Nc6 Nf7 19. Nb4 Nf4 20. Nd3 Nxg2 21. Kxg2
Bg4 22. Qc1 Bxf3+ 23. Kxf3 Ng5+ 24. Kg2 Qe7 25. Re3 Rf4 26. Rg3 Nxe4 27. Nxf4
exf4 28. Qxf4 Rf8 29. Qe3 Rxf2+ 30. Kg1 Rxc2 31. Rg2 Rc3 32. Qd4 Qc5 33. Qxc5
Rxc5 34. Re1 Nf6 35. Rd2 Nxd5 36. Re5 c6 37. Re8+ Kg7 38. Ra8 h5 39. Rxa7+ Kh6
40. Kf2 Rc3 41. Rf7 b4 42. Rf3 Rc1 43. Ke2 h4 44. Kd3 g5 45. Rff2 Rc3+ 46. Kd4
g4 47. Rc2 Kg5 48. Rxc3 bxc3 49. a4 g3 50. hxg3 hxg3 51. Rc2 Kf4 52. Rc1 Kf3
53. a5 g2 54. a6 Nc7 55. a7 Nb5+ 56. Kc5 Nxa7 57. Rxc3+ Kf2 58. Rc2+ Kf1 59.
Rc1+ Kf2 60. b4 g1=Q 61. Rxg1 Kxg1 62. Kb6 Nb5 63. Kxc6 Na3 64. b5 Nxb5 1/2-1/2

[Event "ODJM A 2019"]
[Site "Willingen GER"]
[Date "2019.06.15"]
[Round "9"]
[White "Wachinger, David"]
[Black "Hofmann, Lorenz"]
[Result "1-0"]
[Termination "normal"]
[Board "21"]
[WhiteElo "2066"]
[BlackElo "2002"]
[PlyCount "77"]
[WhiteFideId "24692689"]
[BlackFideId "12995509"]
[EventCountry "GER"]
[EventRounds "9"]
[EventType "swiss"]
[EventDate "2019.06.08"]

1. d4 d5 2. c4 e6 3. Nc3 Nf6 4. cxd5 exd5 5. Bg5 Be7 6. e3 c6 7. Qc2 Ne4 8.
Bxe7 Qxe7 9. Nxd5 cxd5 10. Qxc8+ Qd8 11. Qxd8+ Kxd8 12. Bd3 Nc6 13. Rc1 Rc8 14.
Nf3 Rc7 15. O-O Ke7 16. Rc2 Rhc8 17. Rfc1 Kd6 18. a3 f6 19. Kf1 Na5 20. Rxc7
Rxc7 21. Rxc7 Kxc7 22. Bxe4 dxe4 23. Nd2 f5 24. f3 exf3 25. gxf3 Kd6 26. Ke2 g5
27. e4 f4 28. Kd3 b5 29. b4 Nc6 30. Nb1 Ne7 31. Nc3 a6 32. e5+ Ke6 33. Ke4 h6
34. d5+ Kd7 35. h3 Ng6 36. a4 bxa4 37. Nxa4 Kc7 38. Nc5 Kb6 39. d6 1-0

[Event "ODJM A 2019"]
[Site "Willingen GER"]
[Date "2019.06.15"]
[Round "9"]
[White "Lohr, Maximilian"]
[Black "Grund, Sebastian"]
[Result "1/2-1/2"]
[Termination "normal"]
[Board "22"]
[WhiteElo "1981"]
[BlackElo "2051"]
[PlyCount "41"]
[WhiteFideId "12999717"]
[BlackFideId "12988626"]
[EventCountry "GER"]
[EventRounds "9"]
[EventType "swiss"]
[EventDate "2019.06.08"]

1. e4 c5 2. Nc3 Nc6 3. d3 g6 4. Be3 d6 5. g3 Bg7 6. Bg2 Nd4 7. Qc1 Qa5 8. Bd2
Qd8 9. Nd1 e6 10. c3 Nc6 11. f4 Nge7 12. Nf2 O-O 13. Nf3 b6 14. O-O Bb7 15. g4
f5 16. exf5 exf5 17. Ng5 Qd7 18. Re1 Nd8 19. Bxb7 Qxb7 20. Ne6 Nxe6 21. Rxe6
1/2-1/2

[Event "ODJM A 2019"]
[Site "Willingen GER"]
[Date "2019.06.15"]
[Round "9"]
[White "Schlick, Stefan"]
[Black "Leser, Katrin"]
[Result "1/2-1/2"]
[Termination "normal"]
[Board "23"]
[WhiteElo "2017"]
[BlackElo "2036"]
[PlyCount "42"]
[WhiteFideId "16211332"]
[BlackFideId "12997692"]
[EventCountry "GER"]
[EventRounds "9"]
[EventType "swiss"]
[EventDate "2019.06.08"]

1. d4 Nf6 2. c4 e6 3. Nc3 d5 4. Nf3 Be7 5. Bf4 O-O 6. e3 c5 7. dxc5 Bxc5 8. a3
dxc4 9. Bxc4 a6 10. b4 Be7 11. Qxd8 Rxd8 12. Ke2 b5 13. Bd3 Bb7 14. e4 Nbd7 15.
Rac1 Rac8 16. Nd2 Ng4 17. Nf3 Bf6 18. Nb1 Nge5 19. Rxc8 Rxc8 20. Rc1 Rxc1 21.
Bxc1 Nxd3 1/2-1/2

[Event "ODJM A 2019"]
[Site "Willingen GER"]
[Date "2019.06.15"]
[Round "9"]
[White "Rothenberg, Jannik"]
[Black "Paeslack, Luis"]
[Result "1/2-1/2"]
[Termination "normal"]
[Board "24"]
[WhiteElo "1795"]
[BlackElo "2014"]
[PlyCount "42"]
[WhiteFideId "16204743"]
[BlackFideId "12987760"]
[EventCountry "GER"]
[EventRounds "9"]
[EventType "swiss"]
[EventDate "2019.06.08"]

1. d4 Nf6 2. c4 e6 3. Nc3 Bb4 4. e3 O-O 5. Bd3 c5 6. Nf3 Nc6 7. O-O d5 8. h3 b6
9. cxd5 exd5 10. Qa4 Bd7 11. Qc2 g6 12. dxc5 bxc5 13. Rd1 Qa5 14. Bd2 c4 15.
Be2 Bf5 16. Qc1 Qb6 17. a3 Be7 18. Be1 Na5 19. Nd4 Be6 20. Qc2 Rab8 21. Na4 Qc7
1/2-1/2

[Event "ODJM A 2019"]
[Site "Willingen GER"]
[Date "2019.06.15"]
[Round "9"]
[White "Mainka, Alwin"]
[Black "Schilay, Lorenz"]
[Result "1/2-1/2"]
[Termination "normal"]
[Board "25"]
[WhiteElo "1833"]
[BlackElo "1888"]
[PlyCount "75"]
[WhiteFideId "16241177"]
[BlackFideId "12930180"]
[EventCountry "GER"]
[EventRounds "9"]
[EventType "swiss"]
[EventDate "2019.06.08"]

1. e4 e5 2. Nf3 Nc6 3. Bb5 a6 4. Ba4 d6 5. O-O Bg4 6. c3 Qf6 7. d3 Nge7 8. Nbd2
Ng6 9. h3 h5 10. Re1 Bd7 11. Nf1 Nf4 12. Bxf4 exf4 13. Bxc6 Bxc6 14. e5 dxe5
15. Rxe5+ Be7 16. Qe2 Kf8 17. Nd4 Bd6 18. Nxc6 bxc6 19. Re4 g5 20. Re1 Kg7 21.
d4 c5 22. dxc5 Bxc5 23. Qc4 Bd6 24. Qd4 Qxd4 25. Rxd4 g4 26. Rd5 Kf6 27. Nd2
Rae8 28. Ne4+ Kg6 29. Kf1 Re5 30. Rxe5 Bxe5 31. Nd2 Bf6 32. f3 gxh3 33. gxh3
Kf5 34. Ne4 Rd8 35. Ke2 Rg8 36. Kf1 Rd8 37. Ke2 Rg8 38. Kf1 1/2-1/2

[Event "ODJM A 2019"]
[Site "Willingen GER"]
[Date "2019.06.15"]
[Round "9"]
[White "Khachatryan, Taron"]
[Black "Teichert, Felix"]
[Result "0-1"]
[Termination "normal"]
[Board "26"]
[WhiteElo "1900"]
[BlackElo "2027"]
[PlyCount "84"]
[WhiteFideId "16216598"]
[BlackFideId "12987670"]
[EventCountry "GER"]
[EventRounds "9"]
[EventType "swiss"]
[EventDate "2019.06.08"]

1. d4 d5 2. Nf3 Bf5 3. Bf4 Nf6 4. e3 e6 5. c4 Bb4+ 6. Nc3 O-O 7. Qb3 Nc6 8. Be2
dxc4 9. Qxc4 Nd5 10. O-O Na5 11. Qb5 c6 12. Nxd5 cxb5 13. Nxb4 Qe7 14. Nd3 Rac8
15. Rac1 f6 16. b3 Qa3 17. e4 Bxe4 18. Nc5 Bd5 19. Bxb5 e5 20. Be3 exd4 21.
Bxd4 b6 22. Nd3 Qd6 23. Be3 Be4 24. Nf4 g5 25. Rcd1 Qb4 26. Bd7 gxf4 27. Bxc8
Rxc8 28. Rd4 Qe7 29. Bxf4 Rd8 30. Rxd8+ Qxd8 31. Nd2 Qd5 32. Rc1 Nc6 33. Rc3
Bg6 34. h4 b5 35. Bh6 Kf7 36. Nf1 Qd6 37. Ng3 Nd4 38. h5 Bxh5 39. Re3 Bg6 40.
Rc3 Nf5 41. Nxf5 Bxf5 42. Rf3 Bg6 0-1

[Event "ODJM A 2019"]
[Site "Willingen GER"]
[Date "2019.06.15"]
[Round "9"]
[White "Brunner, Jan"]
[Black "Reucker, Friedrich"]
[Result "1/2-1/2"]
[Termination "normal"]
[Board "29"]
[WhiteElo "2046"]
[BlackElo "1939"]
[PlyCount "63"]
[WhiteFideId "12981010"]
[BlackFideId "12993670"]
[EventCountry "GER"]
[EventRounds "9"]
[EventType "swiss"]
[EventDate "2019.06.08"]

1. d4 Nf6 2. c4 e6 3. Nc3 d5 4. cxd5 exd5 5. Bg5 Be7 6. e3 c6 7. Bd3 O-O 8. Nf3
Nbd7 9. Qc2 h6 10. Bf4 Re8 11. h3 Nb6 12. Ne5 Be6 13. O-O Rc8 14. Rfd1 a6 15.
Na4 Nxa4 16. Qxa4 c5 17. dxc5 Bxc5 18. Nf3 Bd6 19. Rac1 Bxf4 20. Rxc8 Qxc8 21.
Qxf4 Qc5 22. Qd4 Nd7 23. Bb1 Rc8 24. Qd3 Nf6 25. Nd4 Bd7 26. Nf5 Bxf5 27. Qxf5
Qc6 28. a3 g6 29. Qf4 Kg7 30. Qd4 Qc4 31. Qd2 b5 32. Qd3 1/2-1/2

[Event "ODJM A 2019"]
[Site "Willingen GER"]
[Date "2019.06.15"]
[Round "9"]
[White "Gorainow, Nikita"]
[Black "Pahl, Theis"]
[Result "1/2-1/2"]
[Termination "normal"]
[Board "30"]
[WhiteElo "1923"]
[BlackElo "2029"]
[PlyCount "90"]
[WhiteFideId "12970093"]
[BlackFideId "16201264"]
[EventCountry "GER"]
[EventRounds "9"]
[EventType "swiss"]
[EventDate "2019.06.08"]

1. e4 c5 2. Nf3 d6 3. d4 cxd4 4. Nxd4 Nf6 5. Nc3 a6 6. g3 g6 7. Bg2 Bg7 8. O-O
O-O 9. h3 Bd7 10. Be3 Nc6 11. Nd5 Rb8 12. a4 Re8 13. Qd2 Nxd5 14. exd5 Nxd4 15.
Bxd4 Bxd4 16. Qxd4 Qc8 17. g4 b5 18. axb5 Rxb5 19. Rfc1 Rc5 20. Qd2 Bb5 21. c3
Bc4 22. b4 Rc7 23. Bf1 f5 24. Bxc4 Rxc4 25. f3 fxg4 26. hxg4 Rf8 27. Kg2 Rxg4+
28. fxg4 Qxg4+ 29. Kh2 Rf3 30. Qg2 Qh4+ 31. Kg1 Rg3 32. Ra2 Rxg2+ 33. Rxg2 Qc4
34. Rd2 Kg7 35. Kf2 h5 36. Ke1 g5 37. Rd4 Qb3 38. Kd2 a5 39. bxa5 Qa2+ 40. Kd3
Qxa5 41. Re1 Qb5+ 42. Kd2 Qb2+ 43. Kd3 Qb5+ 44. Kd2 Qb2+ 45. Kd3 Qb5+ 1/2-1/2

[Event "ODJM A 2019"]
[Site "Willingen GER"]
[Date "2019.06.15"]
[Round "9"]
[White "Kolb, Tobias"]
[Black "Brockmeyer, Tobias"]
[Result "1/2-1/2"]
[Termination "normal"]
[Board "31"]
[WhiteElo "1915"]
[BlackElo "1896"]
[PlyCount "42"]
[WhiteFideId "12992321"]
[BlackFideId "12982385"]
[EventCountry "GER"]
[EventRounds "9"]
[EventType "swiss"]
[EventDate "2019.06.08"]

1. e4 e6 2. d3 c5 3. Nc3 a6 4. g3 b5 5. Bg2 Bb7 6. f4 d5 7. f5 d4 8. fxe6 dxc3
9. exf7+ Kxf7 10. Nf3 Nc6 11. O-O Ke8 12. bxc3 Be7 13. d4 cxd4 14. cxd4 Qb6 15.
Kh1 Rd8 16. Bb2 Na5 17. d5 Bf6 18. e5 Rxd5 19. exf6 Nxf6 20. Qe2+ Kd8 21. Bxf6+
gxf6 1/2-1/2

[Event "ODJM A 2019"]
[Site "Willingen GER"]
[Date "2019.06.15"]
[Round "9"]
[White "Martin, Richard"]
[Black "Schrepp, Florian"]
[Result "1/2-1/2"]
[Termination "normal"]
[Board "32"]
[WhiteElo "1951"]
[BlackElo "1922"]
[PlyCount "40"]
[WhiteFideId "12925691"]
[BlackFideId "16239709"]
[EventCountry "GER"]
[EventRounds "9"]
[EventType "swiss"]
[EventDate "2019.06.08"]

1. e4 g6 2. d4 Bg7 3. Nf3 d6 4. h3 a6 5. a4 Nc6 6. d5 Ne5 7. Nxe5 Bxe5 8. c4
Bg7 9. Nc3 e5 10. dxe6 Bxe6 11. Bd3 Ne7 12. Nd5 Nc6 13. O-O O-O 14. Be3 f5 15.
exf5 Bxf5 16. Bxf5 Rxf5 17. f4 Ne7 18. Nxe7+ Qxe7 19. Qd3 Kh8 20. Rae1 Qd7
1/2-1/2

[Event "ODJM A 2019"]
[Site "Willingen GER"]
[Date "2019.06.15"]
[Round "9"]
[White "Bender, Felix"]
[Black "Meiwes, Thore"]
[Result "1/2-1/2"]
[Termination "normal"]
[Board "33"]
[WhiteElo "1678"]
[BlackElo "1933"]
[PlyCount "48"]
[WhiteFideId "16215656"]
[BlackFideId "16201256"]
[EventCountry "GER"]
[EventRounds "9"]
[EventType "swiss"]
[EventDate "2019.06.08"]

1. e4 c5 2. Nf3 d6 3. Nc3 Nc6 4. d4 cxd4 5. Nxd4 g6 6. Be3 Bg7 7. Qd2 Nf6 8. f3
O-O 9. Bc4 Bd7 10. O-O-O Rb8 11. g4 b5 12. Be2 Ne5 13. h4 Nc4 14. Bxc4 bxc4 15.
g5 Nh5 16. Nde2 Qa5 17. Bd4 Rfc8 18. Nd5 Qxa2 19. Nxe7+ Kh8 20. Bxg7+ Nxg7 21.
Qc3 Re8 22. Nd5 Qa1+ 23. Kd2 Qxb2 24. Qxb2 Rxb2 1/2-1/2